000 00817nam a2200253 a 4500
001 11910
003 BD-RjUL
005 20211208235213.0
008 161031s1956 nyua 001 0 eng
035 _a(BD-RjUL)11959
040 _aDLC
_cOCanW
_dDLC
_dBD-RjUL
_beng
041 _aeng
082 _a570
_bJOG 1956
_223
100 1 _aJohnson, Willis H.
_q(Willis Hugh),
_d1902-1994.
_936920
245 1 0 _aGeneral biology /
_cby Willis H. Johnson; Richard W. Laubengayer and Louis E. DeLanney.
260 _aNew York :
_bHenry Holt and Company,
_cc1956.
300 _ax, 618 p. :
_bill. ;
_c26 cm.
504 _aIncludes bibliographical Reference and Index
650 0 _aBiology.
_936921
700 _aLaubengayer, Richard A.
_9161245
700 _aDelanney, Louis E.
_9161246
942 _2ddc
_cBK
999 _c11910
_d11910